Vista normal Vista MARC

Entrada Personal Name

Número de registros utilizados en: 1

001 - CONTROL NUMBER

  • control field: 9355

003 - CONTROL NUMBER IDENTIFIER

  • control field: OSt

005 - DATE AND TIME OF LATEST TRANSACTION

  • control field: 20200827123524.0

008 - FIXED-LENGTH DATA ELEMENTS

  • fixed length control field: 200827|| aca||aabn | a|a d

040 ## - CATALOGING SOURCE

  • Original cataloging agency: OSt
  • Transcribing agency: OSt

100 ## - HEADING--PERSONAL NAME

  • Personal name: Toloza Martínez, Claudia Ellizabeth

670 ## - SOURCE DATA FOUND

  • Source citation: Work cat.: (OSt)3982: Toloza Martínez, Claudia Ellizabeth, autora, Autoevaluacióin, gestión y calida de la educación : , 2017.